01872nam a2200409 c 450000100060000000300100000600500170001600700030003300800410003602000180007704000350009504100080013004300120013808400060015010000470015624500870020325000460029026400460033630000420038233600270042433700330045133800280048449000360051250001380054850001350068650001350082152100530095654500640100958601260107365000350119965000470123465000560128165000520133770000410138994200150143099900170144560725CO-BoRNBP20260317165327.0ta210802r20102019ck a0 scr 0j 00s fdspa d a9789587051643 aCO-BoRNBPbspaerdacCO-BoRNBP0 aspa as-ck--- aN10aDíaz, Gloria Cecilia,d1951-eaut94608913aEl valle de los cocuyos /cGloria Cecilia Díaz ; ilustraciones de Claudia Rueda. aSegunda ediciónbDécima reimpresión 1aBogotá, Colombia :bEdiciones SM,c2019 a79 páginas :bilustraciones a color atextobtxt2rdacontent asin mediaciónbn2rdamedia avolumenbnc2rdacarrier0 aEl barco de vapor. Naranjaa9/C aEl material correspondiente a la dotación PNLB 2022 con código FRURAL-2022-00028, corresponde a la décima reimpresión de 2019 aEl material correspondiente a la dotación PNLB 2022 con código RURAL-2022-00063, corresponde a la novena reimpresión de 2019 aEl material correspondiente a la dotación PNLB 2022 con código URBANA-2022-00103, corresponde a la sexta reimpresión de 2016 aRecomendado para un público mayor de 12 años aIncluye datos biográficos de la autora al final del texto aAutora galardonada con el Premio Barco de Vapor, 1985. II Premio Iberoamericano SM de Literatura Infantil y Juvenil, 200617aFantasíavNovela2lemb9176217aHistorias de aventurasvNovela2lemb9171117aLiteratura juvenil ColombianaySiglo XX2rnbp9158517aNovela juvenil colombianaySiglo XX2rnbp9158410aRueda, Claudia,d1965- ,eill938212 2loccBKLIT c60725d60725